000 00768nam a2200217Ia 4500
999 _c53044
_d53044
001 20081
003 GE_BSU
005 20250515165529.0
008 181216s1986||||ru |||||||||||||| ||rus||
040 _cGE_BSU
080 _a656.614.3(035) С-53
100 _aСнопов, В. И.
_925050
245 _aПеревозка грузов морем :
_bСправочное пособие /
_cВ.И. Снопо ; Ред. И.Н. Сазонов
250 _a2-е издание перераб. и дополн.
264 _aМосква :
_bТранспорт,
_c1986.
300 _a311 стр. :
_bрис.;
_c22 см.
541 _h10 ლ.
653 _aПеревозка грузов морем
653 _aСправочное пособие
942 _cBK
_2udc